| 000 | 00667nam a2200217 i 4500 | ||
|---|---|---|---|
| 001 | 60325 | ||
| 003 | ES-MaACL | ||
| 005 | 20240421063016.0 | ||
| 007 | t| | ||
| 008 | 031104s1978 sp ||||1| spa d | ||
| 080 | _a29 | ||
| 100 | 1 |
_aEscohotado, Antonio, _d1941-2021 _947583 |
|
| 245 | 1 | 0 |
_aHistorias de familia _b: cuatro mitos sobre sexo y deber / _cAntonio Escohotado. |
| 260 |
_aBarcelona : _bAnagrama, _c[1978] |
||
| 300 |
_a172 p. ; _c20 cm. |
||
| 490 | 1 |
_aColección Argumentos ; _v54 |
|
| 650 | 4 |
_aMitología. _915092 |
|
| 830 | 0 |
_aColección Argumentos ; _v54 _9178071 |
|
| 852 |
_aES-MaACL _jA-8692 _bR.97926 |
||
| 999 |
_c60325 _d60325 |
||